Logo biblioteca
Santa Fe 2917, Rosario, Santa Fe
Lu-Vi 8 a 19.45
+54-341-4232362
bibliotecaeudoro@gmail.com
Facebook Biblioteca Pedagógica
Sitio web

Noches florentinas ; Memorias del señor de Schnabelewopski / (Registro nro. 32505)

Detalles MARC
000 -CABECERA
campo fijo de control de longitud 00758cam a2200229 4500
001 - NÚMERO DE CONTROL
campo de control 32505
003 - IDENTIFICADOR DEL NÚMERO DE CONTROL
campo de control AR-RoBPED
005 - FECHA Y HORADE LA ULTIMA TRANSACCION
campo de control 20260408090215.0
008 - ELEMENTOS DE LONGITUD FIJA--INFORMACION GENERAL
campo fijo de control de longitud 260406s1970 sp ||||| |||| 00| f spa d
040 ## - FUENTE CATALOGADORA
Centro catalogador/agencia de origen AR-RoBPED
041 ## - IDIOMA
Código de idioma para texto/pista de sonido o título independiente spa
100 1# - ENCABEZAMIENTO PRINCIPAL--AUTOR PERSONAL
Nombre de persona Heine, Heinrich
Fechas nac-muerte 1797-1856
9 (RLIN) 21890
245 10 - TITULO
Título Noches florentinas ; Memorias del señor de Schnabelewopski /
Mención de responsabilidad Heinrich Heine ; prólogo de Cármen Bravo-Villasante.
260 ## - PUBLICACION
Lugar Navarra :
Editor Salvat,
Fecha 1970.
300 ## - DESCRIPCION FISICA
Extensión 151 p.
490 0# - SERIE
Mención de serie (Básica Salvat ;
Designación de volumen o secuencia 57)
650 17 - TERMINO DE MATERIA--CONTROLADO
Término controlado LITERATURA ALEMANA
9 (RLIN) 908
Término controlado NOVELAS
9 (RLIN) 25
700 ## - ENCABEZAMIENTO SECUNDARIO--AUTOR PERSONAL
Nombre de persona Bravo Villasante, Carmen
Fecha de nac-muerte 1918-1994
9 (RLIN) 30667
Títulos pról.
942 ## - ELEMENTOS KOHA
Fuente de clasificación Universal Decimal Classification
Número Koha k. 32505
Koha tipo de ítem Libro
Clasificación 860-31
Signatura librística H 36
Inventario Inv. 42363
945 ## - PROCESAMIENTO DE LA INFORMACIÓN LOCAL
Catalogador y fecha sa 06/04/2026 mev 07/04/2026
Existencias
Estado retirado Estado perdido Fuente de clasificación Estado dañado No se presta Biblioteca propietaria Biblioteca de reserva Fecha de adquisición Procedencia Total de préstamos Signatura topográfica completa Código de barras (nº de inventario) Fecha visto por última vez Catalogador y fecha Tipo de ítem Koha Nota pública
    Universal Decimal Classification     Biblioteca Pedagógica Eudoro Díaz Biblioteca Pedagógica Eudoro Díaz 06/04/2026 Donación   830-31 H 36 42363 06/04/2026 sa 06/04/2026 Libro Se presta 15 días